Building materials : science and practice
| Main Author: | |
|---|---|
| Other Authors: | |
| Format: | Book |
| Published: |
London :
The Architectural Press ,
1958
|
| Subjects: |
MARC
| LEADER | 00000cam a2200000 7i4500 | ||
|---|---|---|---|
| 001 | 0000009366 | ||
| 005 | 20161018.0 | ||
| 040 | |a INS | ||
| 090 | 0 | 0 | |a TA403 |b H35 1958 |
| 100 | 1 | |a Handisyde |c Cecil C. | |
| 245 | 1 | 0 | |a Building materials : |b science and practice |c by Cecil C. Handisyde,with foreword by A. H. Moberly |
| 260 | |a London : |b The Architectural Press , |c 1958 | ||
| 300 | |a 347p. ; |c 22cm. | ||
| 650 | 0 | 0 | |a Building materials |
| 700 | 1 | |a Moberly, A. H. | |
| 999 | |a 0000023968 |b BOOK |c Open Shelf |e Default branch | ||